01165nam a2200193Ia 4500001001000000003001000010008004100020040002500061041001300086100002100099245005900120250001100179260009100190300002800281500026200309501011400571520026200685650002400947L230-5617IT-CnALBA170116s9999||||xx |||||||||||||| ||und|| aIT-CnALBAcIT-CnALBA aITALIANO aCARTECHINI SISTO 0aDALL'OPINIONE AL DOGMA. VALORE DELLE NOTE TEOLOGICHE.  a1a ed. a ROMAbLA CIVILTÀ CATTOLICA EDIZIONI c1953 [1° Ed.:1953 - Ed.Ling.Originale: 1953] a290 p. (prefazione: 56) aDONO DI DON ENZO MANFREDI SSP. SCHEMA DELLE NOTE TEOLOGICHE. DOMMA DI FEDE. VERITÀ DOMMATICA. FEDE CATTOLICA. FEDE DIVINA. DOTTRINA CATTOLICA. PROPOSIZIONE TEOLOGICAMENTE CERTA. PROPOSIZIONE COMUNE E CERTA. PROPOSIZIONE TEMERARIA. PROBABILE. SISTEMA TEOLO aSocietà San Paolo EM - Piazza San Paolo, 14 - 12051 ALBA (CN) (non commercial uses only) ® Copyright 2017 aDONO DI DON ENZO MANFREDI SSP. SCHEMA DELLE NOTE TEOLOGICHE. DOMMA DI FEDE. VERITÀ DOMMATICA. FEDE CATTOLICA. FEDE DIVINA. DOTTRINA CATTOLICA. PROPOSIZIONE TEOLOGICAMENTE CERTA. PROPOSIZIONE COMUNE E CERTA. PROPOSIZIONE TEMERARIA. PROBABILE. SISTEMA TEOLO aDOGMATICA CRISTIANA